|
|
|
|
| LEADER |
00000naa2a2200000 4500 |
| 001 |
380847 |
| 005 |
20231101062736.0 |
| 035 |
|
|
|a (RuTPU)RU\TPU\prd\2610
|
| 090 |
|
|
|a 380847
|
| 100 |
|
|
|a 20020401a2002 k y0rusy50 ca
|
| 101 |
0 |
|
|a rus
|
| 102 |
|
|
|a RU
|
| 200 |
1 |
|
|a Примерная программа дисциплины "Теория горения и взрыва"
|f сост.: И. В. Бабайцев
|
| 225 |
1 |
|
|a Образование
|
| 461 |
|
1 |
|0 (RuTPU)RU\TPU\prd\1137
|t Безопасность жизнедеятельности
|o научно-практический и учебно-методический журнал
|d 2001-
|
| 463 |
|
1 |
|0 (RuTPU)RU\TPU\prd\2200
|t № 1
|v С. 43-45
|d 2002
|
| 610 |
1 |
|
|a учебная программа
|
| 610 |
1 |
|
|a теория горения
|
| 610 |
1 |
|
|a теория взрыва
|
| 610 |
1 |
|
|a требования
|
| 610 |
1 |
|
|a содержание дисциплины
|
| 610 |
1 |
|
|a рекомендуемая литература
|
| 610 |
1 |
|
|a примерная программа
|
| 610 |
1 |
|
|a разделы дисциплины
|
| 702 |
|
1 |
|a Бабайцев
|b И. В.
|4 220
|
| 801 |
|
1 |
|a RU
|b 63413507
|c 20020401
|g PSBO
|
| 801 |
|
2 |
|a RU
|b 63413507
|c 20020408
|g PSBO
|
| 942 |
|
|
|c BK
|